[Event "Memorial Helio da Motta - ALEX 2017"]
[Site "Rio de Janeiro | BRA"]
[Date "2017.04.11"]
[Round "6.11"]
[White "da Luz, Luiz Alberto"]
[Black "Rodrigues, Job"]
[Result "0-1"]
[WhiteElo "1537"]
[BlackElo "1238"]

1. d4 Nf6 2. c4 g6 3. Bg5 Bg7 4. Nc3 O-O 5. e4 d6 6. Bd3 Nbd7 7. Nf3 c6 8. Qd2
Re8 9. Bh6 Bh8 10. h4 Ng4 11. Bf4 e5 12. Be3 Nxe3 13. Qxe3 Qb6 14. Na4 Qb4+
15. Nc3 Qxb2 16. Rc1 exd4 17. Nxd4 Bxd4 18. Qd2 Bxf2+ 19. Kd1 Qxd2+ 20. Kxd2
Nc5 21. Bc2 Be6 22. Rcf1 Bd4 23. Ne2 Bxc4 24. Nxd4 Bxf1 25. Rxf1 Nxe4+ 26. Kd3
c5 27. Nf3 Rac8 28. Kc4 Nf6 29. Ng5 Re2 30. Bd3 Rxa2 31. Rxf6 Rxg2 32. Rxf7 h6
33. Rxb7 hxg5 34. hxg5 Rxg5 35. Rxa7 d5+ 36. Kc3 Rg3 37. Kd2 c4 38. Bc2 d4 39.
Be4 c3+ 40. Kc2 d3+ {#R} 0-1